000 01299nab a22002417a 4500
999 _c5894
_d5894
003 OSt
005 20260109234821.0
008 190605e xxu||||| |||| 00| 0 spa d
040 _cPJ
100 _94419
_aRomualdi, Emilio E.
245 1 0 _aExtinción de la relación por voluntad concurrente de las partes /
_cEmilio Romualdi.
260 _aCiudad Autónoma de Buenos Aires :
_bThomson Reuters La Ley,
_c2023.
300 _ap. 105-113
500 _aCita: TR LALEY AR/DOC/945/2023.
505 _aSumario: I. Prólogo.— II. Acuerdo expreso extintivo del contrato de trabajo.—III. Los criterios jurisprudenciales de validez de estos actos.— IV. Prácticas usuales no contempladas en la normativa.— V. Epílogo.
505 _aFallo comentado: CNTrab., sala IV ~ 02/02/2023 ~ Ferrabone, Enrique c. Obra Social del Personal de Dirección de la Industria Cervecera y Maltera y otros.
505 _t¿Te interesa el texto completo? Solicitalo al correo: koha@justierradelfuego.gov.ar
650 0 _91316
_aDERECHO LABORAL
650 0 _91803
_aRELACIONES LABORALES
650 0 _91486
_aEXTINCION DEL CONTRATO DE TRABAJO
773 0 _02711
_93168
_dCiudad Autónoma de Buenos Aires : Thomson Reuters La Ley, 1999-2002.
_tRevista de derecho del trabajo. Nº 4 - Julio 2023
942 _2udc
_cANA